[Event "Patron CC-ch"]
[Site "Greece"]
[Date "2008.01.04"]
[Round "4"]
[White "Hliapas, Ioannis"]
[Black "Halkiopoulos, Alexios"]
[Result "1-0"]
[WhiteElo "1910"]
[BlackElo "1005"]
[PlyCount "58"]
[EventDate "2008.01.02"]
[EventType "swiss"]
[EventRounds "7"]
[EventCountry "GRE"]
[SourceTitle "EXT 2010"]
[Source "ChessBase"]
[SourceDate "2010.11.25"]
[SourceVersion "1"]
[SourceVersionDate "2010.11.25"]
[SourceQuality "1"]

1. e4 c6 2. d4 d5 3. Nc3 dxe4 4. Nxe4 Bf5 5. Ng3 Bg6 6. h4 h6 7. Nf3 Nf6 8. c3 Nbd7 9. Bd3 Bxd3 10. Qxd3 e6 11. 0-0 Bd6 12. Ne4 Nxe4 13. Qxe4 Nf6 14. Qe2 0-0 15. Ne5 Bxe5 16. Qxe5 Nd5 17. Qg3 Ne7 18. h5 Nf5 19. Qg4 Qh4 20. Qxh4 Nxh4 21. Bf4 Nf5 22. a4 Rad8 23. Rfe1 a5 24. Bc7 Ra8 25. Re5 b6 26. Bxb6 Rfb8 27. Rxa5 Rxa5 28. Bxa5 Rxb2 29. Bb4 Ne7 1-0